00696 2200205 4500001002100000005001700021008004100038035002400079040001200103082000800115090001700123100002400140245013400164260006400298300004200362500003200404504002600436650001000462990001800472YOGYA-0113000000052520130109093030.0 ind  0010-011300000000525 aYOPDYOG a621 aSK 621 And P aANDRY BILLY WIRAWAN aPengaruh penggunaan bahan tambah bahan bakar terhadap presfasi mesin bensin dan emisi gas buang/diajukan oleh Andry Billy Wirawan aYogyakartabFakultas Teknik Universitas Sanata Dharmac2004 aXXII, 99, (51) lbrbilus, lampc29 cm aSkripsi Univ. Sanata Dharma aBibliografi (lbr.100) aMesin a42944-PD/A.12